[Event "Fajr-urmia"]
[Site "urmia"]
[Date "2015.02.21"]
[Round "5.5"]
[White "Khatibi, Meysam"]
[Black "Grabliauskas, Virginijus"]
[Result "0-1"]
[LiveChessVersion "1.4.4"]
[BlackElo "2323"]
[WhiteElo "2168"]

1. e4 {[%clk 1:30:46]} c5 {[%clk 1:30:51]} 2. Nf3 {[%clk 1:31:02]} a6
{[%clk 1:29:59]} 3. Nc3 {[%clk 1:31:07]} b5 {[%clk 1:28:52]} 4. d4
{[%clk 1:22:00]} cxd4 {[%clk 1:28:55]} 5. Nxd4 {[%clk 1:22:21]} e6
{[%clk 1:29:06]} 6. g3 {[%clk 1:20:31]} Bb7 {[%clk 1:28:04]} 7. Bg2
{[%clk 1:20:53]} b4 {[%clk 1:25:57]} 8. Na4 {[%clk 1:19:16]} Nf6 {[%clk 1:26:12]}
9. Qe2 {[%clk 1:07:50]} Qa5 {[%clk 1:23:11]} 10. b3 {[%clk 1:06:50]} Nc6
{[%clk 1:23:33]} 11. Be3 {[%clk 1:01:13]} Nxd4 {[%clk 1:23:22]} 12. Bxd4
{[%clk 1:01:31]} e5 {[%clk 1:22:51]} 13. Be3 {[%clk 0:56:17]} Bxe4
{[%clk 0:48:16]} 14. Bxe4 {[%clk 0:40:53]} Nxe4 {[%clk 0:47:44]} 15. Bb6
{[%clk 0:39:03]} Qd5 {[%clk 0:47:48]} 16. Rd1 {[%clk 0:39:00]} Qc6
{[%clk 0:44:50]} 17. f3 {[%clk 0:27:03]} Ng5 {[%clk 0:41:52]} 18. Rf1
{[%clk 0:20:01]} Bd6 {[%clk 0:18:03]} 19. f4 {[%clk 0:16:17]} Ne4
{[%clk 0:17:52]} 20. fxe5 {[%clk 0:08:18]} Bxe5 {[%clk 0:18:15]} 21. Rf5
{[%clk 0:03:31]} d6 {[%clk 0:11:45]} 22. Bd4 {[%clk 0:03:06]} O-O
{[%clk 0:08:55]} 23. Bxe5 {[%clk 0:00:46]} dxe5 {[%clk 0:08:02]} 24. Rxe5
{[%clk 0:01:07]} Rae8 {[%clk 0:06:53]} 25. Rdd5 {[%clk 0:01:32]} f6
{[%clk 0:05:00]} 26. Rxe4 {[%clk 0:01:58]} Rxe4 {[%clk 0:04:58]} 27. Qxe4
{[%clk 0:02:26]} Re8 {[%clk 0:05:12]} 28. Qxe8+ {[%clk 0:02:53]} Qxe8+
{[%clk 0:05:38]} 29. Kf2 {[%clk 0:02:07]} Qg6 {[%clk 0:04:21]} 30. Rd8+
{[%clk 0:02:13]} Kf7 {[%clk 0:04:47]} 31. Rd7+ {[%clk 0:02:31]} Kf8
{[%clk 0:04:21]} 32. Rd8+ {[%clk 0:02:53]} Ke7 {[%clk 0:04:43]} 33. Rd2
{[%clk 0:03:21]} Qf5+ {[%clk 0:04:37]} 34. Kg2 {[%clk 0:02:51]} Qe4+
{[%clk 0:04:34]} 35. Kf2 {[%clk 0:03:19]} Qh1 {[%clk 0:04:35]} 36. Ke3
{[%clk 0:03:16]} g5 {[%clk 0:03:54]} 37. c4 {[%clk 0:03:36]} f5 {[%clk 0:03:18]}
38. Nb2 {[%clk 0:02:51]} Qg1+ {[%clk 0:03:17]} 39. Rf2 {[%clk 0:01:37]} Qc1+
{[%clk 0:03:33]} 40. Kf3 {[%clk 0:01:14]} Qh1+ {[%clk 0:03:53]} 41. Ke3
{[%clk 0:01:13]} Qe4+ {[%clk 0:03:57]} 42. Kd2 {[%clk 0:01:42]} Qb1
{[%clk 0:03:59]} 43. Nd3 {[%clk 0:00:40]} Qxa2+ {[%clk 0:04:21]} 44. Ke3
{[%clk 0:01:04]} Qxb3 {[%clk 0:03:29]} 45. Rb2 {[%clk 0:00:49]} Qxc4
{[%clk 0:03:42]} 46. Rxb4 {[%clk 0:01:17]} Qe6+ {[%clk 0:03:57]} 47. Kd4
{[%clk 0:01:11]} Qe4+ {[%clk 0:04:05]} 48. Kc3 {[%clk 0:01:39]} Qc6+
{[%clk 0:04:24]} 49. Kd4 {[%clk 0:01:37]} a5 {[%clk 0:04:24]} 50. Rc4
{[%clk 0:01:28]} Qd6+ {[%clk 0:03:43]} 51. Kc3 {[%clk 0:00:53]} h5
{[%clk 0:03:29]} 52. Rc5 {[%clk 0:01:11]} Qf6+ {[%clk 0:03:01]} 53. Kd2
{[%clk 0:00:42]} a4 {[%clk 0:03:05]} 54. Re5+ {[%clk 0:00:32]} Kd6
{[%clk 0:02:50]} 55. Ra5 {[%clk 0:01:18]} Qa1 {[%clk 0:02:56]} 56. Ra6+
{[%clk 0:00:33]} Kc7 {[%clk 0:03:11]} 57. Ra5 {[%clk 0:00:42]} Qa2+
{[%clk 0:03:03]} 58. Kc3 {[%clk 0:00:33]} Qxh2 {[%clk 0:03:03]} 59. Rxf5
{[%clk 0:00:32]} Qxg3 {[%clk 0:03:20]} 60. Ra5 {[%clk 0:00:41]} h4
{[%clk 0:03:05]} 61. Ra7+ {[%clk 0:00:34]} Kd6 {[%clk 0:03:03]} 62. Ra6+
{[%clk 0:00:36]} Kd5 {[%clk 0:03:06]} 63. Ra5+ {[%clk 0:00:42]} Ke4
{[%clk 0:02:56]} 64. Rxa4+ {[%clk 0:01:11]} Ke3 {[%clk 0:03:12]} 65. Ra7
{[%clk 0:01:08]} Qd6 {[%clk 0:03:13]} 0-1

[Event "Fajr-urmia"]
[Site "urmia"]
[Date "2015.02.21"]
[Round "5.6"]
[White "Mosadeghpour, Masoud"]
[Black "Shamsi, Gholamreza"]
[Result "1-0"]
[LiveChessVersion "1.4.4"]
[BlackElo "2028"]
[WhiteElo "2325"]

1. e4 {[%clk 1:30:59]} e5 {[%clk 1:28:32]} 2. Nf3 {[%clk 1:31:28]} Nc6
{[%clk 1:28:50]} 3. Bc4 {[%clk 1:31:46]} Bc5 {[%clk 1:28:33]} 4. b4
{[%clk 1:32:14]} Bxb4 {[%clk 1:28:18]} 5. c3 {[%clk 1:32:43]} Ba5
{[%clk 1:27:03]} 6. d4 {[%clk 1:33:12]} exd4 {[%clk 1:25:57]} 7. O-O
{[%clk 1:33:41]} Nf6 {[%clk 1:21:49]} 8. Ba3 {[%clk 1:34:10]} d6 {[%clk 1:14:20]}
9. e5 {[%clk 1:34:38]} dxc3 {[%clk 1:09:26]} 10. exf6 {[%clk 1:34:15]} Qxf6
{[%clk 1:07:27]} 11. Re1+ {[%clk 1:33:20]} Be6 {[%clk 0:55:43]} 12. Qb3
{[%clk 1:28:16]} O-O {Mobil} 1-0

[Event "Fajr-urmia"]
[Site "urmia"]
[Date "2015.02.21"]
[Round "5.7"]
[White "Firouzja, Alireza"]
[Black "Asghari Badeki, Mehdi"]
[Result "1/2-1/2"]
[LiveChessVersion "1.4.4"]
[BlackElo "1990"]
[WhiteElo "2305"]

1. e4 {[%clk 1:30:57]} d5 {[%clk 1:30:57]} 2. exd5 {[%clk 1:31:18]} Qxd5
{[%clk 1:31:25]} 3. Nc3 {[%clk 1:31:37]} Qd6 {[%clk 1:31:52]} 4. d4
{[%clk 1:31:56]} Nf6 {[%clk 1:32:19]} 5. Nf3 {[%clk 1:32:19]} c6 {[%clk 1:32:44]}
6. Ne5 {[%clk 1:32:38]} Nbd7 {[%clk 1:33:09]} 7. Bf4 {[%clk 1:30:00]} Nd5
{[%clk 1:33:36]} 8. Nxd5 {[%clk 1:21:11]} Qxd5 {[%clk 1:34:00]} 9. Nf3
{[%clk 1:20:52]} Nf6 {[%clk 1:34:08]} 10. Be2 {[%clk 1:21:04]} Bf5
{[%clk 1:34:31]} 11. c4 {[%clk 1:19:10]} Qe4 {[%clk 1:34:53]} 12. Bg3
{[%clk 1:18:27]} Qc2 {[%clk 1:35:18]} 13. Qxc2 {[%clk 1:18:39]} Bxc2
{[%clk 1:35:42]} 14. Rc1 {[%clk 1:10:34]} Be4 {[%clk 1:32:25]} 15. O-O
{[%clk 1:08:56]} e6 {[%clk 1:31:30]} 16. Nd2 {[%clk 1:06:48]} Bg6
{[%clk 1:31:50]} 17. Nb3 {[%clk 0:54:09]} O-O-O {[%clk 1:25:42]} 18. Be5
{[%clk 0:47:29]} Bd6 {[%clk 1:22:24]} 19. f4 {[%clk 0:46:56]} Rhg8
{[%clk 0:58:48]} 20. Bf3 {[%clk 0:46:33]} Kb8 {[%clk 0:44:54]} 21. Rfe1
{[%clk 0:40:33]} Ka8 {[%clk 0:37:42]} 22. a3 {[%clk 0:37:47]} Bb8
{[%clk 0:32:41]} 23. Na5 {[%clk 0:35:44]} Nd7 {[%clk 0:28:54]} 24. Nxc6
{[%clk 0:32:46]} Nxe5 {[%clk 0:29:16]} 25. dxe5 {[%clk 0:33:07]} Rd3
{[%clk 0:26:22]} 26. Nxb8 {[%clk 0:30:20]} Kxb8 {[%clk 0:26:41]} 27. Rcd1
{[%clk 0:30:35]} Rgd8 {[%clk 0:26:52]} 28. Be2 {[%clk 0:30:27]} R3d4
{[%clk 0:27:07]} 29. g3 {[%clk 0:29:45]} Bc2 {[%clk 0:27:23]} 30. Rxd4
{[%clk 0:30:11]} Rxd4 {[%clk 0:27:51]} 31. Kf2 {[%clk 0:30:33]} Kc7
{[%clk 0:27:39]} 32. Ke3 {[%clk 0:30:43]} Re4+ {[%clk 0:28:03]} 33. Kd2
{[%clk 0:31:08]} Bb3 {[%clk 0:25:12]} 34. Kc3 {[%clk 0:30:58]} Bxc4
{[%clk 0:25:19]} 35. Kd2 {[%clk 0:31:06]} Rxe2+ {[%clk 0:25:15]} 36. Rxe2
{[%clk 0:31:31]} 1/2-1/2

[Event "Fajr-urmia"]
[Site "urmia"]
[Date "2015.02.21"]
[Round "5.8"]
[White "Soozankar, A.M."]
[Black "Gholami Orimi, Mahdi"]
[Result "0-1"]
[LiveChessVersion "1.4.4"]
[BlackElo "1925"]
[WhiteElo "2258"]

1. e4 {[%clk 1:30:58]} e5 {[%clk 1:30:52]} 2. Nf3 {[%clk 1:31:27]} Nc6
{[%clk 1:31:11]} 3. Bc4 {[%clk 1:31:54]} Bc5 {[%clk 1:31:29]} 4. c3
{[%clk 1:32:23]} Nf6 {[%clk 1:31:50]} 5. d3 {[%clk 1:32:50]} d6 {[%clk 1:31:27]}
6. Nbd2 {[%clk 1:33:18]} a6 {[%clk 1:31:17]} 7. Bb3 {[%clk 1:33:47]} O-O
{[%clk 1:29:42]} 8. h3 {[%clk 1:34:15]} d5 {[%clk 1:22:46]} 9. Qe2
{[%clk 1:31:11]} dxe4 {[%clk 1:18:35]} 10. dxe4 {[%clk 1:31:06]} Ba7
{[%clk 1:00:05]} 11. Nf1 {[%clk 1:29:31]} Nh5 {[%clk 0:44:26]} 12. Ng5
{[%clk 1:20:39]} g6 {[%clk 0:43:38]} 13. Qf3 {[%clk 1:20:23]} Na5
{[%clk 0:38:12]} 14. g4 {[%clk 1:07:30]} Nxb3 {[%clk 0:35:03]} 15. axb3
{[%clk 1:07:42]} Ng7 {[%clk 0:30:12]} 16. Qe2 {[%clk 1:06:18]} f6
{[%clk 0:28:41]} 17. Nf3 {[%clk 1:06:00]} Ne6 {[%clk 0:28:24]} 18. Bh6
{[%clk 1:06:05]} Re8 {[%clk 0:27:06]} 19. Rd1 {[%clk 1:06:34]} Qe7
{[%clk 0:27:24]} 20. Ne3 {[%clk 1:06:27]} c6 {[%clk 0:23:29]} 21. O-O
{[%clk 1:03:31]} b5 {[%clk 0:17:38]} 22. Rfe1 {[%clk 1:02:53]} Qf7
{[%clk 0:17:28]} 23. Rd6 {[%clk 0:52:44]} Bc5 {[%clk 0:13:46]} 24. Rxc6
{[%clk 0:51:24]} Bb7 {[%clk 0:13:56]} 25. Rxe6 {[%clk 0:51:25]} Qxe6 26. b4 Bb6
{[%clk 0:13:17]} 27. Nf1 {[%clk 0:52:23]} f5 {[%clk 0:09:42]} 28. Ng5
{[%clk 0:52:25]} Qf6 {[%clk 0:09:48]} 29. c4 {[%clk 0:52:55]} fxg4
{[%clk 0:09:08]} 30. c5 {[%clk 0:53:08]} Bd8 {[%clk 0:07:48]} 31. Ne3
{[%clk 0:52:03]} gxh3 {[%clk 0:02:14]} 32. Nd5 {[%clk 0:52:32]} Bxd5
{[%clk 0:02:34]} 33. exd5 {[%clk 0:53:01]} Qf4 {[%clk 0:02:47]} 34. Qe3
{[%clk 0:53:30]} Qg4+ {[%clk 0:02:07]} 35. Qg3 {[%clk 0:54:00]} Qxb4
{[%clk 0:02:34]} 36. Rxe5 {[%clk 0:51:28]} Rxe5 {[%clk 0:02:59]} 37. Qxe5
{[%clk 0:51:49]} Qg4+ {[%clk 0:03:19]} 38. Qg3 {[%clk 0:51:04]} Qd1+
{[%clk 0:03:09]} 39. Kh2 {[%clk 0:51:34]} Qxd5 {[%clk 0:03:38]} 40. Kxh3
{[%clk 0:49:21]} Bxg5 {[%clk 0:02:28]} 41. Bxg5 {[%clk 0:49:22]} Qxc5
{[%clk 0:02:27]} 42. Qb3+ {[%clk 0:49:31]} Qc4 {[%clk 0:02:00]} 43. Qe3
{[%clk 0:50:00]} Qf7 {[%clk 0:01:50]} 44. Bh6 {[%clk 0:50:24]} Re8
{[%clk 0:02:01]} 45. Qd4 {[%clk 0:50:53]} Qe6+ {[%clk 0:02:07]} 0-1

[Event "Fajr-urmia"]
[Site "urmia"]
[Date "2015.02.21"]
[Round "5.9"]
[White "Akbari, Mohammad"]
[Black "Tarazooyeadl, Mojtaba"]
[Result "0-1"]
[LiveChessVersion "1.4.4"]
[BlackElo "2210"]
[WhiteElo "2050"]

1. e4 {[%clk 1:30:49]} c5 {[%clk 1:30:54]} 2. Nf3 {[%clk 1:30:25]} e6
{[%clk 1:31:12]} 3. d4 {[%clk 1:29:56]} cxd4 {[%clk 1:31:36]} 4. Nxd4
{[%clk 1:30:18]} Nf6 {[%clk 1:31:55]} 5. Nc3 {[%clk 1:30:31]} d6 {[%clk 1:32:19]}
6. Be2 {[%clk 1:29:29]} Be7 {[%clk 1:32:36]} 7. O-O {[%clk 1:29:50]} O-O
{[%clk 1:33:00]} 8. Be3 {[%clk 1:28:35]} a6 {[%clk 1:33:20]} 9. f4
{[%clk 1:25:52]} Qc7 {[%clk 1:33:04]} 10. Bf3 {[%clk 1:23:25]} Nc6
{[%clk 1:32:36]} 11. Qd2 {[%clk 1:12:55]} Rb8 {[%clk 1:31:25]} 12. Qf2
{[%clk 1:08:06]} Na5 {[%clk 1:22:00]} 13. Ndb5 {[%clk 0:34:58]} axb5
{[%clk 1:21:16]} 14. Bb6 {[%clk 0:34:06]} Qc4 {[%clk 1:17:59]} 15. Be2
{[%clk 0:30:55]} Qb4 {[%clk 1:08:35]} 16. a3 {[%clk 0:30:49]} Qxb2
{[%clk 1:08:40]} 17. Bxa5 {[%clk 0:31:06]} Qxc2 {[%clk 0:55:01]} 18. Ra2
{[%clk 0:30:26]} Qb3 {[%clk 0:54:53]} 19. Rb1 {[%clk 0:30:32]} Nxe4
{[%clk 0:54:59]} 20. Qe1 {[%clk 0:25:36]} Qxa2 {[%clk 0:50:35]} 21. Nxa2
{[%clk 0:25:58]} Bf6 {[%clk 0:50:55]} 22. Bb6 {[%clk 0:25:10]} Bd7
{[%clk 0:49:03]} 23. Bxb5 {[%clk 0:23:12]} Bxb5 {[%clk 0:49:26]} 24. Qxe4
{[%clk 0:22:52]} d5 {[%clk 0:49:12]} 25. Qe3 {[%clk 0:22:52]} Bc4
{[%clk 0:49:23]} 26. Nb4 {[%clk 0:23:10]} Ra8 {[%clk 0:49:18]} 27. g4
{[%clk 0:19:58]} Rfe8 {[%clk 0:46:03]} 28. g5 {[%clk 0:19:50]} Be7
{[%clk 0:46:13]} 29. Bd4 {[%clk 0:20:07]} Bd6 {[%clk 0:44:52]} 30. h4
{[%clk 0:19:02]} Ra4 {[%clk 0:42:02]} 31. h5 {[%clk 0:15:52]} Rea8
{[%clk 0:42:26]} 32. Bb2 {[%clk 0:16:16]} Rc8 {[%clk 0:33:04]} 33. Kh1
{[%clk 0:14:25]} Re8 {[%clk 0:24:07]} 34. Rg1 {[%clk 0:13:14]} Bb8
{[%clk 0:15:45]} 35. Re1 {[%clk 0:09:04]} Bd6 {[%clk 0:12:45]} 36. Qd4
{[%clk 0:08:49]} Bf8 {[%clk 0:13:06]} 37. h6 {[%clk 0:05:20]} Rc8
{[%clk 0:13:28]} 38. Re3 {[%clk 0:04:10]} Bf1 {[%clk 0:09:02]} 39. Qd1
{[%clk 0:04:15]} Bb5 {[%clk 0:09:30]} 40. Rh3 {[%clk 0:04:06]} Bxb4
{[%clk 0:07:30]} 41. hxg7 {[%clk 0:04:07]} d4 {[%clk 0:06:33]} 42. Rxh7
{[%clk 0:03:21]} Kxh7 {[%clk 0:03:40]} 43. Qh5+ {[%clk 0:02:55]} Kxg7
{[%clk 0:04:09]} 44. Bxd4+ {[%clk 0:02:51]} Kf8 {[%clk 0:04:26]} 45. Qh8+
{[%clk 0:02:49]} Ke7 {[%clk 0:04:49]} 46. Qxc8 {[%clk 0:03:15]} Bc6+
{[%clk 0:04:32]} 47. Kh2 {[%clk 0:03:04]} Bxa3 {[%clk 0:04:19]} 48. Bf6+
{[%clk 0:02:55]} Kd6 {[%clk 0:04:46]} 49. Qd8+ {[%clk 0:02:48]} Kc5
{[%clk 0:04:09]} 50. Qe7+ {[%clk 0:01:47]} Kd5 {[%clk 0:03:42]} 51. Qd8+
{[%clk 0:01:41]} Ke4 {[%clk 0:03:28]} 52. Qc7 {[%clk 0:01:46]} Kf3
{[%clk 0:01:21]} 53. Qxf7 {[%clk 0:01:35]} Rxf4 {[%clk 0:00:42]} 54. Qh5+
{[%clk 0:01:54]} Kf2 {[%clk 0:00:54]} 55. g6 {[%clk 0:01:52]} Bd6
{[%clk 0:01:04]} 56. Be5 {[%clk 0:02:07]} Bxe5 {[%clk 0:01:21]} 57. Kh3
{[%clk 0:02:01]} Bg2+ 0-1

[Event "Fajr-urmia"]
[Site "urmia"]
[Date "2015.02.21"]
[Round "5.10"]
[White "Derakhshani, Dorsa"]
[Black "Mammadov, Sadig"]
[Result "1-0"]
[LiveChessVersion "1.4.4"]
[BlackElo "1909"]
[WhiteElo "2209"]

1. e4 {[%clk 1:30:58]} e6 {[%clk 1:30:56]} 2. d4 {[%clk 1:31:22]} d5
{[%clk 1:31:09]} 3. Nc3 {[%clk 1:31:48]} Nf6 {[%clk 1:31:23]} 4. e5
{[%clk 1:32:14]} Nfd7 {[%clk 1:31:49]} 5. f4 {[%clk 1:32:40]} c5 {[%clk 1:32:11]}
6. Nf3 {[%clk 1:33:06]} Nc6 {[%clk 1:32:36]} 7. Be3 {[%clk 1:33:33]} a6
{[%clk 1:32:10]} 8. Qd2 {[%clk 1:33:58]} b5 {[%clk 1:32:24]} 9. dxc5
{[%clk 1:34:03]} Bxc5 {[%clk 1:29:49]} 10. Bd3 {[%clk 1:33:21]} Qb6
{[%clk 1:19:12]} 11. Bf2 {[%clk 1:32:23]} Bxf2+ {[%clk 1:14:04]} 12. Qxf2
{[%clk 1:32:48]} Qxf2+ {[%clk 1:14:28]} 13. Kxf2 {[%clk 1:33:16]} Nc5
{[%clk 1:14:52]} 14. Ne2 {[%clk 1:24:05]} Bb7 {[%clk 1:12:08]} 15. Ned4
{[%clk 1:21:09]} f6 {[%clk 1:08:15]} 16. Rhe1 {[%clk 1:03:06]} fxe5
{[%clk 1:05:22]} 17. Nxc6 {[%clk 1:03:20]} e4 {[%clk 1:04:06]} 18. Nce5
{[%clk 1:02:32]} exd3 {[%clk 1:03:05]} 19. cxd3 {[%clk 1:02:55]} Ke7
{[%clk 1:02:45]} 20. g4 {[%clk 0:58:27]} Rhf8 {[%clk 1:00:35]} 21. Kg3
{[%clk 0:58:09]} Kd6 {[%clk 0:58:14]} 22. Nd4 {[%clk 0:56:17]} Rae8
{[%clk 0:55:50]} 23. Rac1 {[%clk 0:51:54]} b4 {[%clk 0:46:34]} 24. Rc2
{[%clk 0:42:48]} g6 {[%clk 0:41:31]} 25. Rec1 {[%clk 0:41:04]} g5
{[%clk 0:40:02]} 26. Ndf3 {[%clk 0:36:49]} gxf4+ {[%clk 0:39:26]} 27. Kf2
{[%clk 0:36:46]} Ne4+ {[%clk 0:32:49]} 28. dxe4 {[%clk 0:36:34]} dxe4
{[%clk 0:33:18]} 29. Rd1+ {[%clk 0:36:40]} Bd5 {[%clk 0:33:39]} 30. Rc6+
{[%clk 0:36:59]} Ke7 {[%clk 0:33:41]} 31. Rc7+ {[%clk 0:37:25]} Kd6
{[%clk 0:32:22]} 32. Rd7+ {[%clk 0:28:35]} Kc5 {[%clk 0:32:44]} 33. Rc1+
{[%clk 0:28:05]} Kb6 {[%clk 0:31:52]} 34. Rd6+ {[%clk 0:26:50]} Kb7
{[%clk 0:32:09]} 35. Nd4 {[%clk 0:26:48]} Rc8 {[%clk 0:31:18]} 36. Nec6
{[%clk 0:21:26]} e3+ {[%clk 0:24:19]} 37. Ke2 {[%clk 0:21:39]} f3+
{[%clk 0:24:25]} 38. Kxe3 {[%clk 0:21:56]} f2 {[%clk 0:24:51]} 39. Na5+
{[%clk 0:20:27]} Ka7 {[%clk 0:23:15]} 40. Rf1 {[%clk 0:20:04]} Rc5
{[%clk 0:23:18]} 41. Nab3 {[%clk 0:19:37]} Bc4 {[%clk 0:22:49]} 42. Nxc5
{[%clk 0:19:56]} Bxf1 {[%clk 0:23:15]} 43. Ne4 {[%clk 0:20:21]} Bc4
{[%clk 0:23:10]} 44. Nxf2 {[%clk 0:20:36]} Bxa2 {[%clk 0:23:10]} 45. Nc6+
{[%clk 0:20:37]} Kb6 {[%clk 0:22:52]} 46. Ne4 {[%clk 0:19:14]} Kb5
{[%clk 0:22:51]} 47. b3 {[%clk 0:17:23]} e5 {[%clk 0:22:14]} 48. Na7+
{[%clk 0:17:17]} Ka5 {[%clk 0:22:27]} 49. Nc5 {[%clk 0:17:36]} 1-0

[Event "Fajr-urmia"]
[Site "urmia"]
[Date "2015.02.21"]
[Round "6.1"]
[White "Chighladze, Iveri"]
[Black "Darban, Morteza"]
[Result "1/2-1/2"]
[LiveChessVersion "1.4.4"]
[BlackElo "2334"]
[WhiteElo "2338"]

1. d4 {[%clk 1:30:58]} d6 {[%clk 1:30:54]} 2. Nf3 {[%clk 1:30:50]} g6
{[%clk 1:31:17]} 3. c4 {[%clk 1:31:16]} Bg7 {[%clk 1:31:44]} 4. Nc3
{[%clk 1:31:41]} Nd7 {[%clk 1:32:05]} 5. e4 {[%clk 1:31:42]} e5 {[%clk 1:32:26]}
6. Be2 {[%clk 1:31:54]} Ne7 {[%clk 1:32:52]} 7. O-O {[%clk 1:30:53]} O-O
{[%clk 1:33:20]} 8. dxe5 {[%clk 1:25:15]} Nxe5 {[%clk 1:29:31]} 9. Bf4
{[%clk 1:14:40]} Be6 {[%clk 1:25:17]} 10. Nxe5 {[%clk 1:01:23]} dxe5
{[%clk 1:25:25]} 11. Bg5 {[%clk 1:01:46]} Qxd1 {[%clk 1:20:43]} 12. Raxd1
{[%clk 0:59:05]} Nc6 {[%clk 1:20:33]} 13. Nd5 {[%clk 0:59:14]} Nd4
{[%clk 1:16:55]} 14. Bd3 {[%clk 0:59:27]} c6 {[%clk 1:17:18]} 15. Nc7
{[%clk 0:59:11]} Rac8 {[%clk 1:16:27]} 16. Nxe6 {[%clk 0:59:35]} Nxe6
{[%clk 1:16:42]} 17. Be3 {[%clk 0:59:59]} 1/2-1/2

[Event "Fajr-urmia"]
[Site "urmia"]
[Date "2015.02.21"]
[Round "6.2"]
[White "Guliev, Logman"]
[Black "Idani, Pouya"]
[Result "0-1"]
[LiveChessVersion "1.4.4"]
[BlackElo "2496"]
[WhiteElo "2389"]

1. e4 {[%clk 1:30:57]} c5 {[%clk 1:30:55]} 2. Nf3 {[%clk 1:31:17]} d6
{[%clk 1:31:20]} 3. d4 {[%clk 1:31:30]} cxd4 {[%clk 1:31:46]} 4. Nxd4
{[%clk 1:31:53]} Nf6 {[%clk 1:32:13]} 5. Nc3 {[%clk 1:32:11]} a6 {[%clk 1:32:40]}
6. f4 {[%clk 1:27:03]} g6 {[%clk 1:32:56]} 7. Nf3 {[%clk 1:20:25]} Bg7
{[%clk 1:33:16]} 8. Bd3 {[%clk 1:20:41]} Qb6 {[%clk 1:32:50]} 9. Qe2
{[%clk 1:20:42]} O-O {[%clk 1:33:01]} 10. Bd2 {[%clk 1:09:53]} Nc6
{[%clk 1:25:56]} 11. O-O-O {[%clk 1:09:42]} Bg4 {[%clk 1:24:55]} 12. h3
{[%clk 1:05:48]} Bxf3 {[%clk 1:25:06]} 13. Qxf3 {[%clk 1:05:31]} Rac8
{[%clk 1:24:42]} 14. Rhe1 {[%clk 1:04:42]} Nd7 {[%clk 1:22:54]} 15. e5
{[%clk 1:00:59]} dxe5 {[%clk 1:22:55]} 16. Nd5 {[%clk 1:01:17]} Qd8
{[%clk 1:19:20]} 17. Bc3 {[%clk 0:52:17]} exf4 {[%clk 1:14:58]} 18. Bxg7
{[%clk 0:47:40]} Kxg7 {[%clk 1:14:34]} 19. Qxf4 {[%clk 0:47:34]} e6
{[%clk 1:11:20]} 20. Ne3 {[%clk 0:44:17]} Qc7 {[%clk 1:10:25]} 21. Qh4
{[%clk 0:43:47]} Nce5 {[%clk 1:08:48]} 22. Kb1 {[%clk 0:39:41]} Nc5
{[%clk 1:05:53]} 23. Rf1 {[%clk 0:37:02]} f5 {[%clk 1:04:36]} 24. Rfe1
{[%clk 0:36:58]} Rfd8 {[%clk 1:03:09]} 25. Bc4 {[%clk 0:35:28]} b5
{[%clk 1:01:21]} 26. Bb3 {[%clk 0:35:55]} a5 {[%clk 0:58:44]} 27. c3
{[%clk 0:36:10]} Ned3 {[%clk 0:52:40]} 28. Rf1 {[%clk 0:32:09]} a4
{[%clk 0:51:24]} 29. Ng4 {[%clk 0:25:17]} Kh8 {[%clk 0:47:41]} 30. Rxd3
{[%clk 0:07:47]} Rxd3 {[%clk 0:47:15]} 31. Bxe6 {[%clk 0:02:56]} Qd8
{[%clk 0:45:00]} 32. Qe1 {[%clk 0:01:24]} Nxe6 {[%clk 0:45:22]} 33. Ne5
{[%clk 0:01:45]} Kg7 {[%clk 0:44:35]} 0-1